| 000 | 00843nam a2200205 4500 | ||
|---|---|---|---|
| 001 | 110268 | ||
| 003 | ES-MaACL | ||
| 005 | 20250811072551.0 | ||
| 007 | t| | ||
| 008 | 061121s1983 sp r ||||1| spa d | ||
| 110 | 1 |
_aEspaña. _bMinisterio de Trabajo _93924 |
|
| 245 | 1 | 0 |
_aOrdenanza de trabajo para la industria siderometalúrgica / _c[publicado por] Instituto de Estudios Laborales y de la Seguridad Social ; texto anotado y concordado con el Estatuto de los Trabajadores por Alejandro Mulas García. |
| 250 | _a2ª ed. | ||
| 260 |
_aMadrid : _bMinisterio de Trabajo y Seguridad Social, _c1983. |
||
| 300 |
_a319 p. ; _c18 cm. |
||
| 700 | 1 |
_aMulas García, Alejandro. _984096 |
|
| 710 | 2 |
_aInstituto de Estudios Laborales y de la Seguridad Social. _94915 |
|
| 852 |
_aES-MaACL _jL-7539 _bR.107392 |
||
| 999 |
_c110268 _d110268 |
||